America's youth in the 1990s. (Record no. 14765)

000 -LEADER
fixed length control field 00610nam a2200193 a 4500
001 - CONTROL NUMBER
control field :::00012599$&:&@@
003 - CONTROL NUMBER IDENTIFIER
control field OkBaRHE
005 - DATE AND TIME OF LATEST TRANSACTION
control field 20100402122225.0
008 - FIXED-LENGTH DATA ELEMENTS--GENERAL INFORMATION
fixed length control field s1993 j 000 0 eng u
040 ## - CATALOGING SOURCE
Transcribing agency
100 1# - MAIN ENTRY--PERSONAL NAME
Personal name Bezilla, Robert
245 10 - TITLE STATEMENT
Title America's youth in the 1990s.
260 ## - PUBLICATION, DISTRIBUTION, ETC. (IMPRINT)
Place of publication, distribution, etc Princeton, NJ.,
Name of publisher, distributor, etc The George H. Gallup International Institute
Date of publication, distribution, etc 1993
300 ## - PHYSICAL DESCRIPTION
Extent 318 p. ;
Dimensions 28 cm.
650 ## - SUBJECT ADDED ENTRY--TOPICAL TERM
Topical term or geographic name as entry element Youth
General subdivision Conduct of Life
650 ## - SUBJECT ADDED ENTRY--TOPICAL TERM
Topical term or geographic name as entry element Youth
General subdivision Gallup Poll
942 ## - ADDED ENTRY ELEMENTS (KOHA)
Source of classification or shelving scheme
Koha item type Books
Copies
Price effective from Permanent Location Source of classification or shelving scheme Barcode Koha item type Copy number Date last seen Full call number Shelving location Damaged status Not for loan Lost status Date acquired Withdrawn status
2010-04-14RHEMA Bible Training College 12599Books12010-04-14HQ 796 .G3 1993General Stacks   2010-04-14